[Event "Mumbai Wealth op U13"]
[Site "Mumbai"]
[Date "2016.02.03"]
[Round "7"]
[White "Ganeshsohan"]
[Black "Kannan, Pranav"]
[Result "0-1"]
[WhiteElo "1100"]
[BlackElo "1313"]
[PlyCount "60"]
[EventDate "2016.01.28"]
[EventType "swiss"]
[EventRounds "9"]
[EventCountry "IND"]
[SourceTitle "CBM 170 Extra"]
[Source "ChessBase"]
[SourceDate "2016.02.25"]
[SourceVersion "1"]
[SourceVersionDate "2016.02.25"]
[SourceQuality "1"]

1. e4 d5 2. exd5 Qxd5 3. Nc3 Qa5 4. d4 Nf6 5. Nf3 Bf5 6. Bd2 c6 7. Bc4 e6 8. Nd5 Qd8 9. Nc3 Nbd7 10. 0-0 Bd6 11. Nh4 Bg6 12. Re1 Nb6 13. Bb3 Nfd5 14. Nf3 Qc7 15. Rc1 Bh5 16. g3 0-0 17. Ne4 Be7 18. c4 Nf6 19. c5 Nbd5 20. Bc2 Nxe4 21. Bxe4 Bf6 22. Be3 Rad8 23. Qd3 Bxf3 24. Bxf3 Nxe3 25. fxe3 e5 26. Rc4 Qa5 27. Ra1 exd4 28. b4 dxe3 29. Qxh7+ Kxh7 30. bxa5 Bxa1 0-1

[Event "Mumbai Wealth op U13"]
[Site "Mumbai"]
[Date "2016.02.01"]
[Round "5"]
[White "Krishnan, Ritvik"]
[Black "Kannan, Pranav"]
[Result "0-1"]
[WhiteElo "1118"]
[BlackElo "1313"]
[PlyCount "87"]
[EventDate "2016.01.28"]
[EventType "swiss"]
[EventRounds "9"]
[EventCountry "IND"]
[SourceTitle "CBM 170 Extra"]
[Source "ChessBase"]
[SourceDate "2016.02.25"]
[SourceVersion "1"]
[SourceVersionDate "2016.02.25"]
[SourceQuality "1"]

1. e4 d5 2. exd5 Qxd5 3. Nc3 Qa5 4. b4 Qb6 5. Nf3 c6 6. a3 Nf6 7. Bc4 Bf5 8. Bb2 e6 9. d3 Be7 10. Qd2 h6 11. 0-0-0 0-0 12. Rhe1 Nbd7 13. Kb1 a5 14. Na2 axb4 15. Nxb4 c5 16. Na2 Rxa3 17. Ka1 Ra7 18. Rb1 Qc6 19. Bxf6 Bxf6+ 20. c3 Qc7 21. Rec1 Nb6 22. Bb3 c4 23. Bc2 Rfa8 24. Rb2 cxd3 25. Bxd3 Rd8 26. Ne1 Nc4 27. Qc2 Bxd3 28. Nxd3 Nxb2 29. Nxb2 Rda8 30. Nd1 Rxa2+ 31. Qxa2 Rxa2+ 32. Kxa2 Qxh2 33. Ne3 Bg5 34. Rc2 Bxe3 35. fxe3 Qe5 36. Kb2 Qxe3 37. Kb3 e5 38. Kc4 Qe4+ 39. Kb3 Qd3 40. Kb2 e4 41. Kc1 e3 42. c4 e2 43. Rxe2 Qxe2 44. g3 0-1